000
00335nam a2200145Ia 4500
001
R-308
003
CODICE-MESSINA
005
20260212102450.0
008
260211s9999 xx 000 0 und d
040
_c
importazione_messina
100
_a
Proust
245
0
_a
Un Amore Di Swann
260
_b
Garzanti Per Tutti
942
_2
ddc
_c
BK
999
_c
26792
_d
26792